Louis Tomlinson - Last Night - All lyrics - Statistics

General Stats
  • This quiz has been taken 14 times
  • The average score is 171 of 195
Answer Stats
Answer % Correct
a
100%
A
100%
collide
100%
don’t
100%
futures
100%
I
100%
If
100%
if
100%
I’m
100%
last
100%
lives
100%
me
100%
never
100%
night
100%
of
100%
our
100%
out
100%
scared
100%
tell
100%
the
100%
The
100%
this
100%
was
100%
what
100%
would
100%
you
100%
You
100%
alive
89%
can’t
89%
eyes
89%
feeling
89%
here
89%
how
89%
it
89%
make
89%
my
89%
on
89%
They
89%
we
89%
were
89%
with
89%
your
89%
you’re
89%
back
78%
for
78%
in
78%
off
78%
take
78%
time
78%
first
67%
keep
67%
look
67%
seat
67%
second
67%
Chasing
56%
closer
56%
Conversations
56%
landslide
56%
language
56%
like
56%
memories
56%
moonlight
56%
pretty
56%
talking
56%
Another
44%
Behind
44%
down
44%
Every
44%
Expectations
44%
move
44%
under
44%
way
44%
Building
33%
castles
33%
Seeing
33%
Swapping
33%
While
33%
maps
22%
patterns
22%
shades
22%
silent
22%
unfolding
22%
movement’s
11%
No matching quizzes found
Score Distribution
Percent of People with Each Score
Percentile by Number Answered
Your Score History
You have not taken this quiz